El pequeño larousse ilustrado /
Guardado en:
| Formato: | Libro |
|---|---|
| Publicado: |
Colombia :
Larousse
|
| Edición: | 5a. ed. |
| Materias: | |
| Etiquetas: |
Agregar Etiqueta
Sin Etiquetas, Sea el primero en etiquetar este registro!
|
| LEADER | 00452nam a22001575a 4500 | ||
|---|---|---|---|
| 001 | CEM.cems011037 | ||
| 005 | 20071206155503.0 | ||
| 008 | 130507b######################000#0#####d | ||
| 003 | CEMS | ||
| 082 | 0 | 4 | |a C036 |
| 245 | 0 | 0 | |a El pequeño larousse ilustrado / |c Dirección Ricardo Domingo |
| 250 | |a 5a. ed. | ||
| 260 | |a Colombia : |b Larousse | ||
| 300 | |a 1792 p. | ||
| 653 | |a Diccionarios | ||
| 859 | |a CEMS |b BIB. CEMS - 11 de abril |h C036 |i L328-1 |p 21830.02 |t Ej.1 |v 1999 |3 1999 | ||
